<?xml version="1.0" encoding="UTF-8"?>
<record
    xmlns:xsi="http://www.w3.org/2001/XMLSchema-instance"
    xsi:schemaLocation="http://www.loc.gov/MARC21/slim http://www.loc.gov/standards/marcxml/schema/MARC21slim.xsd"
    xmlns="http://www.loc.gov/MARC21/slim">

  <leader>01082nas a2200253 454500</leader>
  <controlfield tag="001">53591</controlfield>
  <controlfield tag="005">20260407193512.0</controlfield>
  <controlfield tag="008">260407s1957####ag###########|||spa#d</controlfield>
  <controlfield tag="003">AR-UNSa-BCEJYS</controlfield>
  <datafield tag="040" ind1=" " ind2=" ">
    <subfield code="a">AR-UNSa-BCEJYS</subfield>
    <subfield code="b">spa</subfield>
    <subfield code="c">AR-UNSa-BCEJYS</subfield>
  </datafield>
  <datafield tag="080" ind1=" " ind2=" ">
    <subfield code="a">34(094)</subfield>
    <subfield code="x">Fuentes legales. Documentos legales. Legislaci&#xF3;n en materia de Derecho
</subfield>
  </datafield>
  <datafield tag="245" ind1="1" ind2="0">
    <subfield code="a">Anales de Legislaci&#xF3;n Argentina</subfield>
    <subfield code="p">Repertorio</subfield>
  </datafield>
  <datafield tag="264" ind1=" " ind2="1">
    <subfield code="a">Buenos Aires :</subfield>
    <subfield code="b">La Ley</subfield>
    <subfield code="c">1957</subfield>
  </datafield>
  <datafield tag="310" ind1=" " ind2=" ">
    <subfield code="a">Frecuencia: Irregular
Cambia de Director a partir de 1970 por Carlos M. Oliva V&#xE9;lez
Cambia de Director a partir de 1983 por Carlos M. Oliva V&#xE9;lez (h.)
Cambia de Director a partir de 1989 por Enrique J. Alcorta Gaona</subfield>
  </datafield>
  <datafield tag="505" ind1=" " ind2=" ">
    <subfield code="a">1. &#xCD;ndice num&#xE9;rico-cronol&#xF2;gico de legislaci&#xF3;n nacional - 2. &#xCD;ndice num&#xE9;rico-cronol&#xF3;gico de legislaci&#xF3;n provincial - 3. &#xCD;ndice general sistem&#xE1;tico</subfield>
  </datafield>
  <datafield tag="041" ind1=" " ind2=" ">
    <subfield code="a">spa</subfield>
  </datafield>
  <datafield tag="942" ind1=" " ind2=" ">
    <subfield code="c">SER</subfield>
  </datafield>
  <datafield tag="590" ind1=" " ind2=" ">
    <subfield code="a">niveau_biblio:s niveau_hierar:1</subfield>
  </datafield>
  <datafield tag="100" ind1="1" ind2=" ">
    <subfield code="a">Fraga Patrao, Roberto</subfield>
  </datafield>
  <datafield tag="650" ind1=" " ind2=" ">
    <subfield code="a">Derecho</subfield>
  </datafield>
  <datafield tag="650" ind1=" " ind2=" ">
    <subfield code="a">CONSTITUCI&#xD3;N NACIONAL</subfield>
  </datafield>
  <datafield tag="650" ind1=" " ind2=" ">
    <subfield code="a">Legislaci&#xF3;n</subfield>
  </datafield>
  <datafield tag="650" ind1=" " ind2=" ">
    <subfield code="a">LEYES</subfield>
  </datafield>
  <datafield tag="999" ind1=" " ind2=" ">
    <subfield code="c">8963</subfield>
    <subfield code="d">8963</subfield>
  </datafield>
  <datafield tag="952" ind1=" " ind2=" ">
    <subfield code="0">0</subfield>
    <subfield code="1">0</subfield>
    <subfield code="4">0</subfield>
    <subfield code="7">0</subfield>
    <subfield code="a">BCEJYS</subfield>
    <subfield code="b">BCEJYS</subfield>
    <subfield code="c">13</subfield>
    <subfield code="d">1982-01-01</subfield>
    <subfield code="h">Tomo I - 1982/1987</subfield>
    <subfield code="l">0</subfield>
    <subfield code="o">H34(094) ANA/REP 1982/1987 T.1</subfield>
    <subfield code="p">R22975</subfield>
    <subfield code="r">2026-04-10 16:10:16</subfield>
    <subfield code="w">2026-04-10</subfield>
    <subfield code="y">RN</subfield>
  </datafield>
  <datafield tag="952" ind1=" " ind2=" ">
    <subfield code="0">0</subfield>
    <subfield code="1">0</subfield>
    <subfield code="4">0</subfield>
    <subfield code="7">0</subfield>
    <subfield code="a">BCEJYS</subfield>
    <subfield code="b">BCEJYS</subfield>
    <subfield code="c">13</subfield>
    <subfield code="d">1977-01-01</subfield>
    <subfield code="h">Tomo II - 1977/1981</subfield>
    <subfield code="l">0</subfield>
    <subfield code="o">H34(094) ANA/REP 1977/1981 T.2</subfield>
    <subfield code="p">R22973</subfield>
    <subfield code="r">2026-04-10 16:10:16</subfield>
    <subfield code="w">2026-04-10</subfield>
    <subfield code="y">RN</subfield>
  </datafield>
  <datafield tag="952" ind1=" " ind2=" ">
    <subfield code="0">0</subfield>
    <subfield code="1">0</subfield>
    <subfield code="4">0</subfield>
    <subfield code="7">0</subfield>
    <subfield code="a">BCEJYS</subfield>
    <subfield code="b">BCEJYS</subfield>
    <subfield code="c">13</subfield>
    <subfield code="d">1977-01-01</subfield>
    <subfield code="h">Tomo II - 1977/1981</subfield>
    <subfield code="l">0</subfield>
    <subfield code="o">H34(094) ANA/REP 1977/1981 T.2Ej.2</subfield>
    <subfield code="p">R22974</subfield>
    <subfield code="r">2026-04-10 16:10:16</subfield>
    <subfield code="w">2026-04-10</subfield>
    <subfield code="y">RN</subfield>
  </datafield>
  <datafield tag="952" ind1=" " ind2=" ">
    <subfield code="0">0</subfield>
    <subfield code="1">0</subfield>
    <subfield code="4">0</subfield>
    <subfield code="7">0</subfield>
    <subfield code="a">BCEJYS</subfield>
    <subfield code="b">BCEJYS</subfield>
    <subfield code="c">13</subfield>
    <subfield code="d">1977-01-01</subfield>
    <subfield code="h">Tomo I - 1977/1981</subfield>
    <subfield code="l">0</subfield>
    <subfield code="o">H34(094) ANA/REP 1977/1981 T.1</subfield>
    <subfield code="p">R22971</subfield>
    <subfield code="r">2026-04-10 16:10:16</subfield>
    <subfield code="w">2026-04-10</subfield>
    <subfield code="y">RN</subfield>
  </datafield>
  <datafield tag="952" ind1=" " ind2=" ">
    <subfield code="0">0</subfield>
    <subfield code="1">0</subfield>
    <subfield code="4">0</subfield>
    <subfield code="7">0</subfield>
    <subfield code="a">BCEJYS</subfield>
    <subfield code="b">BCEJYS</subfield>
    <subfield code="c">13</subfield>
    <subfield code="d">1977-01-01</subfield>
    <subfield code="h">Tomo I - 1977/1981</subfield>
    <subfield code="l">0</subfield>
    <subfield code="o">H34(094) ANA/REP 1977/1981 T.1Ej.2</subfield>
    <subfield code="p">R22972</subfield>
    <subfield code="r">2026-04-10 16:10:16</subfield>
    <subfield code="w">2026-04-10</subfield>
    <subfield code="y">RN</subfield>
  </datafield>
  <datafield tag="952" ind1=" " ind2=" ">
    <subfield code="0">0</subfield>
    <subfield code="1">0</subfield>
    <subfield code="4">0</subfield>
    <subfield code="7">0</subfield>
    <subfield code="a">BCEJYS</subfield>
    <subfield code="b">BCEJYS</subfield>
    <subfield code="c">13</subfield>
    <subfield code="d">1955-01-01</subfield>
    <subfield code="h">Tomo I - 1955/1968</subfield>
    <subfield code="l">0</subfield>
    <subfield code="o">H34(094) ANA/REP 1855/1968</subfield>
    <subfield code="p">R22957</subfield>
    <subfield code="r">2026-04-10 16:10:16</subfield>
    <subfield code="w">2026-04-10</subfield>
    <subfield code="y">RN</subfield>
  </datafield>
  <datafield tag="952" ind1=" " ind2=" ">
    <subfield code="0">0</subfield>
    <subfield code="1">0</subfield>
    <subfield code="4">0</subfield>
    <subfield code="7">0</subfield>
    <subfield code="a">BCEJYS</subfield>
    <subfield code="b">BCEJYS</subfield>
    <subfield code="c">13</subfield>
    <subfield code="d">1852-12-01</subfield>
    <subfield code="h">Tomo I - 1852/1976</subfield>
    <subfield code="l">0</subfield>
    <subfield code="o">H34(094) ANA/REP 1852/1976</subfield>
    <subfield code="p">R22970</subfield>
    <subfield code="r">2026-04-10 16:10:16</subfield>
    <subfield code="w">2026-04-10</subfield>
    <subfield code="y">RN</subfield>
  </datafield>
  <datafield tag="952" ind1=" " ind2=" ">
    <subfield code="0">0</subfield>
    <subfield code="1">0</subfield>
    <subfield code="4">0</subfield>
    <subfield code="7">0</subfield>
    <subfield code="a">BCEJYS</subfield>
    <subfield code="b">BCEJYS</subfield>
    <subfield code="c">13</subfield>
    <subfield code="d">1852-12-01</subfield>
    <subfield code="h">1852/1954</subfield>
    <subfield code="l">0</subfield>
    <subfield code="o">H34(094) ANA/REP 1852/1954</subfield>
    <subfield code="p">R22956</subfield>
    <subfield code="r">2026-04-10 16:10:16</subfield>
    <subfield code="w">2026-04-10</subfield>
    <subfield code="y">RN</subfield>
  </datafield>
</record>
